Fundamentals of Computer: (Record no. 209714)

MARC details
000 -LEADER
fixed length control field 00499nam a22001817a 4500
005 - DATE AND TIME OF LATEST TRANSACTION
control field 20250225115001.0
010 ## - LCCN (DPL NO)
LC control number ENG-143907
020 ## - INTERNATIONAL STANDARD BOOK NUMBER
Terms of availability 150.00
International Standard Book Number 9788195131594
035 ## - SYSTEM CONTROL NUMBER
System control number EN-109838
037 ## - SOURCE OF ACQUISITION
Source of stock number/acquisition DBAD/PUB
082 ## - DEWEY DECIMAL CLASSIFICATION NUMBER
Classification number 920
100 ## - MAIN ENTRY--PERSONAL NAME
Personal name Parvathi, B.
245 ## - TITLE STATEMENT
Title Fundamentals of Computer:
Statement of responsibility, etc by B. Parvath Devi
260 ## - PUBLICATION, DISTRIBUTION, ETC. (IMPRINT)
Place of publication, distribution, etc Triunelveli
Name of publisher, distributor, etc Amirthalakshmi
Date of publication, distribution, etc 2022
270 ## - ADDRESS
City Triunelveli
Postal code 627011
300 ## - PHYSICAL DESCRIPTION
Extent 118p.g
Dimensions 20cm(pbk)
942 ## - ADDED ENTRY ELEMENTS (KOHA)
Source of classification or shelving scheme Dewey Decimal Classification
Item type English Books
Classification part 005.2
Call number suffix PAR
Holdings
Withdrawn status Lost status Not for loan Collection code Home library Current library Date acquired Source of acquisition Cost, normal purchase price Full call number Barcode Cost, replacement price Koha item type
      Non-fiction Tri Nagar Tri Nagar 25/02/2025 DBAD 150.00 005.2 PAR EN-127439 150.00 English Books

© Delhi Public Library
Hit Counter
free hit counter